00876nam a2200229 a 4500001000400000003001000004005001700014008004100031020001800072040002500090080001700115245019000132260003900322300002700361500002200388504003600410650004300446650003400489650003400523700004700557700004200604507BR-CuiBMT20231108151742.0231108s2010 mgba 001 0 por d a9788577003006 aBR-CuiBMTcBR-CuiBMT 22007a351.7200aLei de responsabilidade fiscal :bensaios em comemoração aos 10 anos da Lei Complementar nº 101/00 /cRodrigo Pironti Aguirre de Castro [coord.] ; André Luiz Freire ... [et al. ] aBelo Horizonte :bFórum ;c2010. a467 p. :bil. ;c21 cm aVários autores. aInclui bibliografia e índice. aLei de Responsabilidade FiscalzBrasil aFinanças públicaszBrasil aOrçamento públicozBrasil1 aCastro, Rodrigo Pironti Aguirre de4coord.1 aFreire, André Luizeet al.eautores